Σημεία των καιρών

Αποθηκεύτηκε σε:
Λεπτομέρειες βιβλιογραφικής εγγραφής
Κύριος συγγραφέας: Αυγουστίνος Καντιώτης, Μητροπολίτης Φλωρίνης, Πρεσπών και Εορδαίας, 1907-2010
Μορφή: Βιβλίο
Γλώσσα:Greek
Δημοσίευση: Αθήναι : [χ.ό.], 1993.
Έκδοση:2η εκδ.
Θέματα:
Ετικέτες: Προσθήκη ετικέτας
Δεν υπάρχουν, Καταχωρήστε ετικέτα πρώτοι!

MARC

LEADER 00000cam a2200000 i 4500
001 1/120983
008 200221s1993 gr | ||| |||| ||gre||
040 |a GR-MyUa  |b gre  |e AACR2 
041 0 |a gre 
082 7 |a 224  |2 (23) 
100 1 |a Αυγουστίνος Καντιώτης,   |c Μητροπολίτης Φλωρίνης, Πρεσπών και Εορδαίας,   |d 1907-2010. 
245 1 0 |a Σημεία των καιρών /   |c Επισκόπου Αυγουστίνου Ν. Καντιώτου Μητροπολίτου Φλωρίνης.  
250 |a 2η εκδ.  
260 |a Αθήναι :   |b [χ.ό.],   |c 1993.  
300 |a 246 σ. ;   |c 20 εκ. 
650 0 |a Bible. 
650 0 |a Bible. N.T. 
852 |a INST  |b SAMOS  |e 20200221  |h 224 ΚΑΝ  |p 005300046395  |q 005300046395  |t BK  |y 0 
920 |a Καραμανώλης   |b Μιλτιάδης  |y Σάμος  |z 2020-01 
970 |a Γουβάλα  |b Βάσω  |z 21-02-2020